000
00334nam a2200133Ia 4500
008
240624s9999 xx 000 0 und d
041
_a
eng
082
_a
828 COO
100
_a
COOK ROBIN
245
_a
CHARLATANS DOCTORS DON T ALWAYS CURE THE
260
_c
2017
_a
New Delhi
_b
Macmillan
300
_a
435 p.; 23 cm.
365
_c
RS
_b
31
999
_c
29479
_d
29479